TUREK`S ORTHOPAEDICS : PRINCIPLE & THEIR APPLICATION / (Record no. 795494)

MARC details
000 -LEADER
fixed length control field 00539pam a2200193 a 4500
020 ## - INTERNATIONAL STANDARD BOOK NUMBER
International Standard Book Number 0781789567
Terms of availability 4465.00
041 ## - LANGUAGE CODE
Language code of text/sound track or separate title eng
Language code of original NULL
082 ## - DEWEY DECIMAL CLASSIFICATION NUMBER
Classification number 616.7
Item number WEI/BUC
100 ## - MAIN ENTRY--PERSONAL NAME
Personal name WEINSTEIN , S .
245 ## - TITLE STATEMENT
Title TUREK`S ORTHOPAEDICS : PRINCIPLE & THEIR APPLICATION /
Statement of responsibility, etc. NULL.
Medium Textual Documents
250 ## - EDITION STATEMENT
Edition statement 6 /
Remainder of edition statement .
260 ## - PUBLICATION, DISTRIBUTION, ETC.
Place of publication, distribution, etc. NULL :
Name of publisher, distributor, etc. LIPPINCOTT WILLIAMS & WILKINS ,
Date of publication, distribution, etc. 2005.
300 ## - PHYSICAL DESCRIPTION
Extent 761 :
Other physical details xxv ;
Dimensions NULL .
365 ## - TRADE PRICE
Price type code 4465.00
650 ## - SUBJECT ADDED ENTRY--TOPICAL TERM
Topical term or geographic name entry element ORTHO
700 ## - ADDED ENTRY--PERSONAL NAME
Personal name BUCKWALTER, J .
930 ## - EQUIVALENCE OR CROSS-REFERENCE-UNIFORM TITLE HEADING [LOCAL, CANADA]
Uniform title 958
Holdings
Withdrawn status Lost status Damaged status Not for loan Home library Current library Date acquired Cost, normal purchase price Total Checkouts Full call number Barcode Date last seen Copy number Price effective from Koha item type
        Medical College & Hospital, Sangli Medical College & Hospital, Sangli 28/11/2011 4465.00   616.7 WEI/BUC MCS-3004 26/07/2023 1 26/07/2023 Book